[Event "WLS-chB 68th"]
[Site "Cardiff"]
[Date "2024.03.30"]
[Round "4"]
[White "Jones, Steve"]
[Black "Williams, Stephen"]
[Result "1-0"]
[WhiteElo "1791"]
[BlackElo "1701"]
[PlyCount "84"]
[EventDate "2024.03.29"]
[EventType "swiss"]
[EventRounds "7"]
[EventCountry "WLS"]
[SourceTitle "CB14_2024"]
[SourceDate "2024.04.01"]
[SourceVersion "1"]
[SourceVersionDate "2024.04.01"]
[SourceQuality "1"]

1. d4 Nf6 2. Nc3 g6 3. Bf4 Bg7 4. e4 d6 5. e5 Nh5 6. g3 Nxf4 7. gxf4 0-0 8. Nf3 c5 9. d5 Bg4 10. Be2 Bxf3 11. Bxf3 dxe5 12. fxe5 Bxe5 13. Qd3 Nd7 14. 0-0-0 Qb6 15. Rde1 Bf6 16. b3 Ne5 17. Qe3 Qb4 18. Nb1 Rac8 19. h4 c4 20. a3 Qb5 21. b4 a5 22. Nc3 Qa6 23. b5 Qd6 24. Ne4 Nd3+ 25. Kd2 c3+ 26. Kxd3 Qxd5+ 27. Ke2 Qc4+ 28. Qd3 Qe6 29. Kf1 Rfd8 30. Qe3 Bd4 31. Qh6 Bg7 32. Qg5 Qc4+ 33. Kg1 f6 34. Qg2 Qxb5 35. Qh3 Qb2 36. h5 Qxc2 37. hxg6 hxg6 38. Qe6+ Kf8 39. Ng5 fxg5 40. Bd5 Rxd5 41. Qxc8+ Rd8 42. Qxd8+ Kf7 1-0

[Event "GBR-ch Soanes op 106th"]
[Site "Torquay"]
[Date "2019.07.26"]
[Round "1"]
[White "Williams, Stephen"]
[Black "Chen, Daniel Xingyu"]
[Result "0-1"]
[WhiteElo "1653"]
[BlackElo "1438"]
[PlyCount "128"]
[EventDate "2019.07.26"]
[EventType "swiss"]
[EventRounds "5"]
[EventCountry "ENG"]
[SourceTitle "EXT 2021"]
[Source "ChessBase"]
[SourceDate "2020.10.23"]
[SourceVersion "1"]
[SourceVersionDate "2020.10.23"]
[SourceQuality "1"]

1. d4 Nf6 2. c4 e5 3. dxe5 Ng4 4. Bf4 Nc6 5. Nf3 Bb4+ 6. Nc3 Bxc3+ 7. bxc3 Qe7 8. Qd5 f6 9. exf6 Nxf6 10. Qd3 d6 11. g3 0-0 12. Bg2 Rb8 13. 0-0 Nh5 14. Qd5+ Qf7 15. Qxf7+ Rxf7 16. Be3 h6 17. Rfd1 Nf6 18. Nd4 Ne5 19. Bd5 Nxd5 20. cxd5 Bh3 21. f3 Re8 22. Bf2 Bd7 23. a4 b6 24. Ra2 a6 25. Kg2 g5 26. Re1 g4 27. f4 Nc4 28. e4 Rfe7 29. Rae2 Bxa4 30. Nf5 Rh7 31. e5 Kf7 32. e6+ Kf6 33. Nh4 Bb5 34. Bd4+ Ke7 35. Rf2 c5 36. Ng6+ Kd8 37. Bf6+ Kc7 38. f5 Rg8 39. Bh4 Be8 40. Ne7 Rf8 41. f6 Ne5 42. Rxe5 dxe5 43. Nf5 Bg6 44. d6+ Kc6 45. f7 Bxf7 46. Be7 Bxe6 47. Bxf8 Bxf5 48. Rxf5 Kd5 49. Rh5 a5 50. Rf5 a4 51. Be7 Ke6 52. Rf8 Rf7 53. Rb8 Rf3 54. Rxb6 Rxc3 55. Ra6 a3 56. Ra7 Rc2+ 57. Kg1 a2 58. Bf8 Rc1+ 59. Kf2 a1Q 60. Rxa1 Rxa1 61. d7 Kxd7 62. Bxc5 Ra2+ 63. Kg1 Kc6 64. Be3 h5 0-1

[Event "WLS-ch Major 65th"]
[Site "Cardiff"]
[Date "2019.04.22"]
[Round "7"]
[White "Morgans, Justin"]
[Black "Williams, Stephen"]
[Result "0-1"]
[WhiteElo "1660"]
[BlackElo "1644"]
[PlyCount "130"]
[EventDate "2019.04.19"]
[EventType "swiss"]
[EventRounds "7"]
[EventCountry "WLS"]
[SourceTitle "CBM 190 Extra"]
[Source "ChessBase"]
[SourceDate "2019.07.15"]
[SourceVersion "1"]
[SourceVersionDate "2019.07.15"]
[SourceQuality "1"]

1. d4 d5 2. Bf4 Nf6 3. Nf3 c5 4. e3 Nc6 5. Be2 Qb6 6. b3 Bf5 7. 0-0 e6 8. c4 cxd4 9. exd4 Be7 10. c5 Qd8 11. Nc3 0-0 12. a3 a5 13. Na4 Nd7 14. Rc1 Rc8 15. Qd2 b6 16. Ba6 bxc5 17. Bxc8 Qxc8 18. Nxc5 Nxc5 19. dxc5 f6 20. Bg3 Rd8 21. b4 axb4 22. axb4 e5 23. Ra1 Qb7 24. Ra4 Qb5 25. Rfa1 d4 26. Nh4 Be6 27. f3 d3 28. Bf2 Bb3 29. Ra8 Qxb4 30. Rxd8+ Bxd8 31. Qxb4 Nxb4 32. Ra8 Nc6 33. Be3 Kf7 34. Rc8 Bd5 35. Bd2 g6 36. Kf2 Be7 37. Rc7 Ke6 38. Rxe7+ Nxe7 39. g3 f5 40. Ng2 Nc6 41. Ke3 Bc4 42. Ne1 Kd5 43. Nxd3 Bxd3 44. Kxd3 Kxc5 45. Bc3 Kd5 46. h3 h5 47. g4 hxg4 48. hxg4 f4 49. Bb2 Nd8 50. Ba3 Ne6 51. Bb2 Nc5+ 52. Ke2 e4 53. Bg7 e3 54. Bb2 Ne6 55. Kd3 Nc5+ 56. Ke2 Kc4 57. Be5 Ne6 58. Bxf4 Nxf4+ 59. Kxe3 g5 60. Ke4 Kc3 61. Ke3 Kc2 62. Ke4 Kd2 63. Kf5 Nh3 64. f4 gxf4 65. g5 f3 0-1

[Event "WLS-ch Major 65th"]
[Site "Cardiff"]
[Date "2019.04.19"]
[Round "1"]
[White "Williams, Stephen"]
[Black "Summers, Charles B"]
[Result "0-1"]
[WhiteElo "1644"]
[BlackElo "1859"]
[PlyCount "86"]
[EventDate "2019.04.19"]
[EventType "swiss"]
[EventRounds "7"]
[EventCountry "WLS"]
[SourceTitle "CBM 190 Extra"]
[Source "ChessBase"]
[SourceDate "2019.07.15"]
[SourceVersion "1"]
[SourceVersionDate "2019.07.15"]
[SourceQuality "1"]

1. d4 Nf6 2. c4 e5 3. dxe5 Ng4 4. Bf4 g5 5. Bg3 Nc6 6. Nf3 Bg7 7. e3 Ngxe5 8. Nd4 d6 9. Nd2 Qe7 10. Nxc6 Nxc6 11. Qc1 Bf5 12. Be2 Qf6 13. e4 Bg6 14. Rb1 Nd4 15. Bd3 h5 16. f3 h4 17. Bf2 h3 18. 0-0 hxg2 19. Kxg2 Qe6 20. Bg3 Qh3+ 21. Kg1 Ne6 22. Nb3 Be5 23. Qe1 Nf4 24. Bxf4 Bxf4 25. Rf2 Bxh2+ 26. Rxh2 Qxh2+ 27. Kf1 Rh3 28. Nd2 Rg3 29. Qf2 Qh3+ 30. Ke1 Rg2 31. Bf1 Rxf2 32. Bxh3 Rh2 33. Bg4 Rh1+ 34. Nf1 Ke7 35. Rd1 Rah8 36. Rd2 R8h4 37. Kf2 Kf6 38. Rd5 Bxe4 39. fxe4 Rxg4 40. Rf5+ Ke6 41. Ne3 Rh2+ 42. Kf3 Rf4+ 43. Kg3 Rxb2 0-1

[Event "South Wales Autumn Premier"]
[Site "Newport"]
[Date "2018.11.18"]
[Round "4"]
[White "Lutchman Singh, Karanvir"]
[Black "Williams, Stephen"]
[Result "0-1"]
[WhiteElo "1606"]
[BlackElo "1626"]
[PlyCount "106"]
[EventDate "2018.11.16"]
[EventType "swiss"]
[EventRounds "5"]
[EventCountry "WLS"]
[SourceTitle "EXT 2020"]
[Source "ChessBase"]
[SourceDate "2019.10.17"]
[SourceVersion "1"]
[SourceVersionDate "2019.10.17"]
[SourceQuality "1"]

1. e4 c6 2. d4 d5 3. exd5 cxd5 4. c4 Nf6 5. Nc3 Nc6 6. Nf3 g6 7. Be3 Bg7 8. Bd3 dxc4 9. Bxc4 0-0 10. 0-0 Ng4 11. h3 Nxe3 12. fxe3 Qb6 13. Qe2 a6 14. Ng5 e6 15. Nce4 h6 16. Nf3 Ne7 17. Qf2 Nf5 18. Bb3 Bd7 19. Nfd2 Nxe3 20. Nf6+ Bxf6 21. Qxf6 Nxf1 22. Rxf1 Rac8 23. Ne4 Bb5 24. Rf4 Bd3 25. Rh4 Rc1+ 26. Kh2 Qc7+ 27. Ng3 Rf1 28. Qe5 Qxe5 29. dxe5 Re1 30. Rxh6 Rxe5 31. Rh4 Rd8 32. Rb4 b5 33. Nh1 Re2 34. Bd1 Rd2 35. Bf3 Rc8 36. Rd4 Rcc2 37. Ng3 Rxb2 38. Ne4 Bxe4 39. Rxd2 Rxd2 40. Bxe4 Rxa2 41. Bb1 Rb2 42. Be4 a5 43. h4 a4 44. h5 gxh5 45. Bc6 a3 46. Kh3 a2 47. Kh4 a1Q 48. Kxh5 Rb4 49. g4 Kg7 50. g5 Qd4 51. Be4 Qe5 52. Bf5 Qh2+ 53. Bh3 Qxh3# 0-1

[Event "South Wales op 15th"]
[Site "Cardiff"]
[Date "2018.07.07"]
[Round "1"]
[White "Player, Edmund C"]
[Black "Williams, Stephen"]
[Result "1-0"]
[WhiteElo "2187"]
[BlackElo "1651"]
[PlyCount "103"]
[EventDate "2018.07.07"]
[EventType "swiss"]
[EventRounds "9"]
[EventCountry "WLS"]
[SourceTitle "EXT 2019"]
[Source "ChessBase"]
[SourceDate "2018.10.10"]
[SourceVersion "1"]
[SourceVersionDate "2018.10.10"]
[SourceQuality "1"]

1. e4 c6 2. d4 d5 3. Nd2 dxe4 4. Nxe4 Bf5 5. Ng3 Bg6 6. Nh3 e6 7. Nf4 Bd6 8. c3 Nd7 9. h4 Bxf4 10. Bxf4 h6 11. h5 Bh7 12. Qg4 Qf6 13. 0-0-0 Ne7 14. Bd3 Bxd3 15. Rxd3 Nd5 16. Rf3 0-0 17. Bd6 Qg5+ 18. Qxg5 hxg5 19. Bxf8 Rxf8 20. Ne4 f6 21. c4 Nf4 22. Kc2 Nxg2 23. Ra3 a6 24. Nd6 Rb8 25. c5 Nf4 26. Rb3 b5 27. cxb6 Rxb6 28. Rxb6 Nxb6 29. Kd2 Nbd5 30. Rc1 Ne7 31. Rc5 Nxh5 32. Ra5 Nf4 33. Rxa6 Nfd5 34. a4 g4 35. Ra8+ Kh7 36. Re8 f5 37. a5 f4 38. Ne4 Kg6 39. a6 Kf5 40. Nd6+ Kf6 41. Ne4+ Kf5 42. a7 Nb6 43. a8Q Nxa8 44. Nd6+ Kf6 45. Rxa8 e5 46. Kd3 exd4 47. Kxd4 Nf5+ 48. Nxf5 Kxf5 49. Rf8+ Kg5 50. Ke4 g3 51. fxg3 fxg3 52. Kf3 1-0

[Event "Tom Weston Major op"]
[Site "Cardiff"]
[Date "2018.03.30"]
[Round "3"]
[White "Cox, John"]
[Black "Williams, Stephen"]
[Result "0-1"]
[WhiteElo "1443"]
[BlackElo "1683"]
[PlyCount "64"]
[EventDate "2018.03.30"]
[EventType "swiss"]
[EventRounds "7"]
[EventCountry "WLS"]
[SourceTitle "EXT 2020"]
[Source "ChessBase"]
[SourceDate "2019.10.17"]
[SourceVersion "1"]
[SourceVersionDate "2019.10.17"]
[SourceQuality "1"]

1. e4 c6 2. d4 d5 3. Nc3 dxe4 4. Nxe4 Bf5 5. Ng3 Bg6 6. Nf3 Nd7 7. Bd3 e6 8. 0-0 Bd6 9. Bg5 Ngf6 10. Re1 Qc7 11. c4 0-0 12. c5 Bxg3 13. hxg3 Nd5 14. a3 a5 15. Qc2 Bxd3 16. Qxd3 f6 17. Bd2 Rfe8 18. Re2 e5 19. Qc4 e4 20. Rae1 f5 21. Bf4 Qd8 22. Ne5 Nf8 23. f3 exf3 24. Nxf3 Rxe2 25. Rxe2 Qd7 26. Ne5 Qe8 27. Nf3 Qf7 28. Ne5 Qh5 29. Kf1 Ne6 30. Nd3 Re8 31. Be5 g5 32. Qb3 Nxd4 0-1

[Event "South Wales New Year Major"]
[Site "Bridgend"]
[Date "2018.01.06"]
[Round "3"]
[White "Williams, Stephen"]
[Black "Rovaretti, David"]
[Result "1-0"]
[WhiteElo "1765"]
[BlackElo "1762"]
[PlyCount "39"]
[EventDate "2018.01.05"]
[EventType "swiss"]
[EventRounds "5"]
[EventCountry "WLS"]
[SourceTitle "EXT 2020"]
[Source "ChessBase"]
[SourceDate "2019.10.17"]
[SourceVersion "1"]
[SourceVersionDate "2019.10.17"]
[SourceQuality "1"]

1. d4 b6 2. Nc3 Bb7 3. e4 e6 4. Bd3 Bb4 5. Nge2 Nf6 6. 0-0 d5 7. e5 Nfd7 8. f4 c5 9. a3 Bxc3 10. Nxc3 cxd4 11. Nb5 0-0 12. Nxd4 Nc5 13. Rf3 Ne4 14. Rh3 g6 15. Qg4 Nc6 16. Nf3 Qe7 17. Be3 f5 18. exf6 Nxf6 19. Qg5 Nh5 20. Rxh5 1-0

[Event "South Wales New Year Major"]
[Site "Bridgend"]
[Date "2018.01.05"]
[Round "1"]
[White "Orton, Paul"]
[Black "Williams, Stephen"]
[Result "0-1"]
[WhiteElo "1608"]
[BlackElo "1765"]
[PlyCount "94"]
[EventDate "2018.01.05"]
[EventType "swiss"]
[EventRounds "5"]
[EventCountry "WLS"]
[SourceTitle "EXT 2020"]
[Source "ChessBase"]
[SourceDate "2019.10.17"]
[SourceVersion "1"]
[SourceVersionDate "2019.10.17"]
[SourceQuality "1"]

1. d4 d5 2. Bf4 Nf6 3. e3 c5 4. c3 Nc6 5. Nd2 Qb6 6. Qb3 Bf5 7. Qxb6 axb6 8. Bc7 c4 9. Bxb6 e5 10. Ngf3 e4 11. Ne5 Bd6 12. Nxc6 bxc6 13. a4 Nd7 14. Bc5 Bxc5 15. dxc5 Nxc5 16. a5 0-0 17. Be2 Rfb8 18. Ra2 Rb5 19. 0-0 Rbxa5 20. Rxa5 Rxa5 21. Rb1 Ra2 22. Bd1 Kf8 23. Bc2 Ke7 24. Kf1 Bc8 25. f3 f5 26. Ke1 Ba6 27. Kd1 Bb5 28. b3 cxb3 29. Nxb3 Ba4 30. Nd4 Bxc2+ 31. Nxc2 Kd6 32. f4 Na4 33. Kd2 Nb2 34. Kc1 Nd3+ 35. Kd2 Rb2 36. Ra1 Rb7 37. Nd4 g6 38. Ra6 Rb2+ 39. Nc2 Ne1 40. Kxe1 Rxc2 41. Ra7 Rxc3 42. Kd2 Rb3 43. Rxh7 Rb2+ 44. Kc1 Rxg2 45. Rh6 c5 46. h4 d4 47. h5 Ke6 0-1

[Event "South Wales Autumn Premier op"]
[Site "Pencoed"]
[Date "2017.10.15"]
[Round "5"]
[White "Williams, Stephen"]
[Black "James, Dai"]
[Result "1/2-1/2"]
[WhiteElo "1765"]
[BlackElo "1893"]
[PlyCount "50"]
[EventDate "2017.10.13"]
[EventType "swiss"]
[EventRounds "5"]
[EventCountry "WLS"]
[SourceTitle "EXT 2020"]
[Source "ChessBase"]
[SourceDate "2019.10.17"]
[SourceVersion "1"]
[SourceVersionDate "2019.10.17"]
[SourceQuality "1"]

1. d4 f5 2. Nc3 Nf6 3. Bg5 e6 4. e4 fxe4 5. Nxe4 Be7 6. Bxf6 Bxf6 7. Nf3 d5 8. Ng3 c5 9. c3 0-0 10. Bd3 cxd4 11. Nxd4 e5 12. Nb3 Nc6 13. 0-0 Be6 14. Qc2 e4 15. Be2 Be5 16. Rad1 Qh4 17. Nc5 Bf5 18. Rxd5 e3 19. Bd3 Bxd3 20. Qxd3 exf2+ 21. Rxf2 Rxf2 22. Kxf2 Qxh2 23. Nd7 Bxg3+ 24. Qxg3 Qxg3+ 25. Kxg3 Rd8 1/2-1/2

[Event "South Wales Summer op"]
[Site "Penarth"]
[Date "2017.09.03"]
[Round "4"]
[White "Williams, Stephen"]
[Black "Buttell, David"]
[Result "1-0"]
[WhiteElo "1666"]
[BlackElo "1817"]
[PlyCount "37"]
[EventDate "2017.09.01"]
[EventType "swiss"]
[EventRounds "5"]
[EventCountry "WLS"]
[SourceTitle "EXT 2019"]
[Source "ChessBase"]
[SourceDate "2018.10.10"]
[SourceVersion "1"]
[SourceVersionDate "2018.10.10"]
[SourceQuality "1"]

1. d4 d5 2. c4 e6 3. Nc3 Nf6 4. Nf3 Be7 5. Bf4 c6 6. e3 Nbd7 7. Qc2 0-0 8. Ng5 h6 9. h4 dxc4 10. Bxc4 Nb6 11. Bd3 Nbd5 12. Be5 Nb4 13. Bh7+ Kh8 14. Qb1 Nbd5 15. Bd3 Ng4 16. Be2 Bxg5 17. hxg5 Qxg5 18. Bxg4 Qxg4 19. Rxh6+ 1-0

[Event "South Wales Summer op"]
[Site "Penarth"]
[Date "2017.09.02"]
[Round "3"]
[White "Fathallah, Joe"]
[Black "Williams, Stephen"]
[Result "1/2-1/2"]
[WhiteElo "1959"]
[BlackElo "1666"]
[PlyCount "92"]
[EventDate "2017.09.01"]
[EventType "swiss"]
[EventRounds "5"]
[EventCountry "WLS"]
[SourceTitle "EXT 2019"]
[Source "ChessBase"]
[SourceDate "2018.10.10"]
[SourceVersion "1"]
[SourceVersionDate "2018.10.10"]
[SourceQuality "1"]

1. d4 d5 2. Bf4 Nf6 3. Nf3 c5 4. e3 Nc6 5. c3 Qb6 6. b3 Bf5 7. Bd3 Bxd3 8. Qxd3 e6 9. Nbd2 Be7 10. 0-0 h6 11. h3 0-0 12. Ne5 cxd4 13. exd4 Rac8 14. a4 a6 15. b4 Nxe5 16. Bxe5 Nd7 17. Bf4 Qc6 18. Rfc1 Nb6 19. a5 Nc4 20. Nb3 Rcd8 21. Qg3 Bd6 22. Bxd6 Nxd6 23. Nc5 Nf5 24. Qd3 Nd6 25. Re1 Nc4 26. Re2 Rfe8 27. Rae1 Ra8 28. f4 Nd6 29. g4 Rac8 30. Qg3 Ne4 31. Nxe4 dxe4 32. Re3 f5 33. g5 Kh7 34. R1e2 Rg8 35. Rg2 Qa4 36. Kh2 Qa1 37. g6+ Kh8 38. Rc2 Rc7 39. Re1 Qa4 40. Rec1 Rgc8 41. h4 Rc4 42. Qf2 Qc6 43. h5 Qc7 44. Kg3 Qd7 45. Qe3 Qa4 46. Qd2 Qd7 1/2-1/2

[Event "Gilbert Cup"]
[Site "Cardiff"]
[Date "2017.07.25"]
[Round "4.8"]
[White "Williams, Stephen"]
[Black "Ferguson, Dayna"]
[Result "1/2-1/2"]
[WhiteElo "1683"]
[BlackElo "1451"]
[PlyCount "118"]
[EventDate "2017.07.24"]
[EventType "team-tourn"]
[EventRounds "5"]
[EventCountry "WLS"]
[SourceTitle "CBM 179 Extra"]
[Source "ChessBase"]
[SourceDate "2017.08.23"]
[SourceVersion "1"]
[SourceVersionDate "2017.08.23"]
[SourceQuality "1"]
[WhiteTeam "Scotland (W)"]
[BlackTeam "Ireland (W)"]
[WhiteTeamCountry "SCO"]
[BlackTeamCountry "IRL"]

1. d4 Nf6 2. c4 Nc6 3. Nc3 e5 4. d5 Ne7 5. e4 Ng6 6. Bd3 Bc5 7. Nf3 d6 8. h3 0-0 9. 0-0 h6 10. Na4 Bb6 11. a3 c5 12. b4 Qc7 13. Nxb6 axb6 14. Be3 Bd7 15. Qd2 Ra7 16. Rfc1 Rfa8 17. Qc3 Ne7 18. Nh4 g5 19. Nf5 Nxf5 20. exf5 Qd8 21. f3 Qe7 22. Be4 Qf8 23. g4 Qg7 24. Kg2 h5 25. Rh1 h4 26. Bd3 Ne8 27. Rhc1 f6 28. Rc2 Ra4 29. b5 Qe7 30. Rca2 Qd8 31. Bc2 R4a5 32. a4 Bc8 33. Qe1 Ng7 34. Bd2 R5a7 35. a5 bxa5 36. Rxa5 Rxa5 37. Rxa5 Rxa5 38. Bxa5 b6 39. Bc3 Bb7 40. Qa1 Qa8 41. Ba4 Ne8 42. Bc2 Qxa1 43. Bxa1 Nc7 44. f4 Ne8 45. fxg5 fxg5 46. Bc3 Kf7 47. Bd2 Kf6 48. Kf3 Nc7 49. Ke4 Ne8 50. Kd3 Nc7 51. Ke4 Ne8 52. Bd1 Ng7 53. Bf3 Bc8 54. Ke3 Bb7 55. Be4 Ne8 56. Kd3 Nc7 57. Kc3 Na8 58. Kb3 Nc7 59. Ka4 Na8 1/2-1/2

[Event "South Wales op 14th"]
[Site "Cardiff"]
[Date "2017.07.11"]
[Round "6"]
[White "James, Dai"]
[Black "Williams, Stephen"]
[Result "1-0"]
[WhiteElo "1832"]
[BlackElo "1683"]
[PlyCount "74"]
[EventDate "2017.07.08"]
[EventType "swiss"]
[EventRounds "10"]
[EventCountry "WLS"]
[SourceTitle "EXT 2018"]
[Source "ChessBase"]
[SourceDate "2017.10.13"]
[SourceVersion "1"]
[SourceVersionDate "2017.10.13"]
[SourceQuality "1"]

1. f4 d5 2. Nf3 Bg4 3. g3 Bxf3 4. exf3 e6 5. Bg2 g6 6. 0-0 Bg7 7. c4 c6 8. d4 dxc4 9. Be3 Ne7 10. g4 Nd5 11. Bf2 Nxf4 12. Nd2 b5 13. Ne4 Nd7 14. Rc1 Nd3 15. Nd6+ Kf8 16. f4 Nxf2 17. Rxf2 Qb6 18. Kh1 Bxd4 19. Re2 Rd8 20. f5 e5 21. Qf1 f6 22. g5 Kg7 23. Ne4 Rdf8 24. Bh3 Qd8 25. Rg2 Be3 26. Rd1 Bd4 27. Qe2 Qc7 28. Qg4 Rf7 29. Qh4 Qd8 30. Qh6+ Kg8 31. gxf6 Qf8 32. Qg5 Nxf6 33. fxg6 hxg6 34. Qxg6+ Qg7 35. Nxf6+ Kf8 36. Nd7+ Kg8 37. Be6 Rh7 1-0

[Event "South Wales op 14th"]
[Site "Cardiff"]
[Date "2017.07.10"]
[Round "4"]
[White "Cox, John"]
[Black "Williams, Stephen"]
[Result "1/2-1/2"]
[WhiteElo "1469"]
[BlackElo "1683"]
[PlyCount "119"]
[EventDate "2017.07.08"]
[EventType "swiss"]
[EventRounds "10"]
[EventCountry "WLS"]
[SourceTitle "EXT 2018"]
[Source "ChessBase"]
[SourceDate "2017.10.13"]
[SourceVersion "1"]
[SourceVersionDate "2017.10.13"]
[SourceQuality "1"]

1. e4 c6 2. d4 d5 3. exd5 cxd5 4. Nf3 Nc6 5. Be3 Bg4 6. Be2 e6 7. 0-0 Nf6 8. Nbd2 Qc7 9. Rc1 Qa5 10. a3 b5 11. Nb3 Qb6 12. c3 Be7 13. Qd3 a6 14. Rfd1 Ne4 15. Bf4 Bf5 16. Qe3 Nd6 17. Bxd6 Bxd6 18. Nh4 Bg6 19. Bf3 Be7 20. Nxg6 hxg6 21. Re1 Qd8 22. Rcd1 Bg5 23. Qd3 Qd6 24. g3 0-0 25. Nc5 Qc7 26. Re2 Rfe8 27. Bg2 Be7 28. b4 Bxc5 29. dxc5 Ne5 30. Qc2 Nc4 31. Qb3 a5 32. Rde1 Qc6 33. a4 axb4 34. axb5 Qxc5 35. Qxb4 Qxb4 36. cxb4 Red8 37. Rc2 Rab8 38. Bf1 Rdc8 39. Rec1 Rxb5 40. Bxc4 dxc4 41. Rxc4 Rxc4 42. Rxc4 Kf8 43. Kf1 Ke7 44. Ke2 Kd6 45. Kd3 g5 46. h3 Rf5 47. Ke3 g6 48. f3 Re5+ 49. Re4 Rb5 50. Rc4 f5 51. f4 gxf4+ 52. gxf4 e5 53. fxe5+ Rxe5+ 54. Kf4 Re6 55. b5 Kd5 56. Rb4 Kc5 57. Rb2 Rb6 58. h4 Rxb5 59. Rxb5+ Kxb5 60. h5 1/2-1/2